[Event "GBR-ch 111th"]
[Site "Liverpool"]
[Date "2025.08.06"]
[Round "5.1"]
[White "Vitiugov, Nikita"]
[Black "Wadsworth, Matthew J"]
[Result "1/2-1/2"]
[WhiteElo "2676"]
[BlackElo "2483"]
[PlyCount "61"]
[EventDate "2025.08.02"]
[EventType "swiss"]
[EventRounds "9"]
[EventCountry "GBR"]
[SourceTitle "BritBase"]
[Source "John Saunders"]
[SourceDate "2025.08.11"]
[SourceVersion "1"]
[SourceVersionDate "2025.08.11"]
[SourceQuality "1"]

1. d4 d5 2. c4 c6 3. Nf3 Nf6 4. e3 Bf5 5. Nc3 e6 6. Nh4 Bg6 7. Nxg6 hxg6 8. Bd2 Nbd7 9. cxd5 exd5 10. Bd3 Bd6 11. Qb3 Qb6 12. Qc2 O-O 13. h4 Rfe8 14. O-O-O c5 15. Na4 Qc6 16. dxc5 Nxc5 17. Nxc5 Bxc5 18. Kb1 d4 19. exd4 Bxd4 20. f3 Qb6 21. Qb3 Qxb3 22. axb3 Rad8 23. Bg5 a6 24. Be4 Rd7 25. Rhe1 Nxe4 26. Rxe4 Rxe4 27. fxe4 Rd6 28. Bf4 Rd8 29. Bc7 Rc8 30. Bg3 Rd8 31. Bc7 1/2-1/2

[Event "GBR-ch 111th"]
[Site "Liverpool"]
[Date "2025.08.06"]
[Round "5.2"]
[White "Adams, Michael"]
[Black "Royal, Shreyas"]
[Result "1-0"]
[WhiteElo "2663"]
[BlackElo "2495"]
[PlyCount "59"]
[EventDate "2025.08.02"]
[EventType "swiss"]
[EventRounds "9"]
[EventCountry "GBR"]
[SourceTitle "BritBase"]
[Source "John Saunders"]
[SourceDate "2025.08.11"]
[SourceVersion "1"]
[SourceVersionDate "2025.08.11"]
[SourceQuality "1"]

1. e4 c5 2. Nf3 e6 3. Be2 Nc6 4. O-O Nf6 5. Nc3 d5 6. exd5 exd5 7. d4 Be6 8. Bg5 h6 9. Bh4 cxd4 10. Nxd4 Be7 11. Nxe6 fxe6 12. Bh5+ Kf8 13. Bxf6 Bxf6 14. Re1 Be5 15. Qg4 Qg5 16. Qh3 Ke7 17. Bg4 Nd4 18. Rad1 Rad8 19. g3 h5 20. Bxe6 Nf3+ 21. Kf1 Nxe1 22. Nxd5+ Kf8 23. Rxe1 Bxb2 24. Qg2 h4 25. Qe4 a5 26. Nf4 Rh6 27. Qxb7 Qf6 28. Nd5 Qxe6 29. Rxe6 Rxe6 30. Nf4 1-0

[Event "GBR-ch 111th"]
[Site "Liverpool"]
[Date "2025.08.06"]
[Round "5.3"]
[White "Ghasi, Ameet K"]
[Black "Czopor, Maciej"]
[Result "1/2-1/2"]
[WhiteElo "2501"]
[BlackElo "2434"]
[PlyCount "85"]
[EventDate "2025.08.02"]
[EventType "swiss"]
[EventRounds "9"]
[EventCountry "GBR"]
[SourceTitle "BritBase"]
[Source "John Saunders"]
[SourceDate "2025.08.11"]
[SourceVersion "1"]
[SourceVersionDate "2025.08.11"]
[SourceQuality "1"]

1. c4 e6 2. Nf3 d5 3. d4 Nf6 4. g3 Bb4+ 5. Bd2 Be7 6. Bg2 O-O 7. O-O c6 8. Qc2 Nbd7 9. Bf4 Nh5 10. Bc1 f5 11. b3 g5 12. Ne1 Ng7 13. Nd3 b6 14. a4 a5 15. Nd2 Bb7 16. Nf3 Rc8 17. Rd1 Ne8 18. Nfe5 Nxe5 19. dxe5 Nc7 20. c5 Na6 21. Be3 d4 22. Nb2 bxc5 23. Bd2 Qc7 24. Nd3 Kf7 25. Rac1 Rfd8 26. Qb1 Rd5 27. Nb2 Nb4 28. Nc4 Ba6 29. e4 dxe3 30. Nxe3 Rxe5 31. Bc3 Rxe3 32. fxe3 Nd5 33. Bd2 Nf6 34. Bc3 Nd5 35. Bd2 Nf6 36. Bc3 Nd5 37. e4 Nxc3 38. Rxc3 Qe5 39. Rf3 Be2 40. exf5 Bxf3 41. fxe6+ Kg7 42. Bxf3 Qxe6 43. Re1 1/2-1/2

[Event "GBR-ch 111th"]
[Site "Liverpool"]
[Date "2025.08.06"]
[Round "5.4"]
[White "Maroroa Jones, Gawain"]
[Black "Han, Yichen"]
[Result "1/2-1/2"]
[WhiteElo "2651"]
[BlackElo "2430"]
[PlyCount "96"]
[EventDate "2025.08.02"]
[EventType "swiss"]
[EventRounds "9"]
[EventCountry "GBR"]
[SourceTitle "BritBase"]
[Source "John Saunders"]
[SourceDate "2025.08.11"]
[SourceVersion "1"]
[SourceVersionDate "2025.08.11"]
[SourceQuality "1"]

1. e4 e5 2. Nf3 Nc6 3. Bc4 Bc5 4. c3 Nf6 5. d3 O-O 6. O-O d6 7. Re1 a5 8. h3 Be6 9. Bb5 Bb6 10. Ba4 h6 11. Be3 Bxe3 12. Rxe3 Ne7 13. Nbd2 Ng6 14. d4 c6 15. Bb3 Qe7 16. a4 Rfe8 17. Ra3 Qc7 18. Bc2 Rad8 19. Qb1 Bc8 20. b4 Nf4 21. bxa5 exd4 22. cxd4 Qxa5 23. e5 dxe5 24. Nc4 Qa6 25. Ncxe5 Be6 26. Re1 Bd5 27. Rae3 Ne6 28. Bb3 Bxb3 29. Qxb3 Rd5 30. Nd3 Qa8 31. Nc5 Nxc5 32. Rxe8+ Nxe8 33. dxc5 Nf6 34. Ne5 Qa5 35. Re3 Qc7 36. Nd3 Rd7 37. g3 Re7 38. Nf4 Rxe3 39. Qxe3 Qd7 40. Kh2 Qf5 41. Kg2 Kf8 42. Nd3 Qd5+ 43. Kg1 Kg8 44. a5 Qd8 45. Qd2 Ne4 46. Qe3 Nf6 47. Qd2 Ne4 48. Qe3 Nf6 1/2-1/2

[Event "GBR-ch 111th"]
[Site "Liverpool"]
[Date "2025.08.06"]
[Round "5.5"]
[White "Waldhausen Gordon, Frederick"]
[Black "Fernandez, Daniel H"]
[Result "0-1"]
[WhiteElo "2393"]
[BlackElo "2500"]
[PlyCount "160"]
[EventDate "2025.08.02"]
[EventType "swiss"]
[EventRounds "9"]
[EventCountry "GBR"]
[SourceTitle "BritBase"]
[Source "John Saunders"]
[SourceDate "2025.08.11"]
[SourceVersion "1"]
[SourceVersionDate "2025.08.11"]
[SourceQuality "1"]

1. d4 Nf6 2. Nf3 e6 3. c4 Bb4+ 4. Bd2 Be7 5. Nc3 O-O 6. e4 d5 7. Bd3 dxe4 8. Nxe4 e5 9. Bc3 exd4 10. Nxd4 Na6 11. O-O Bb4 12. Qc2 Bxc3 13. Qxc3 Nxe4 14. Bxe4 Qf6 15. Rad1 c6 16. Rfe1 Bg4 17. f3 Bd7 18. Nb5 Qxc3 19. Nxc3 Be6 20. b3 g6 21. Kf2 Kg7 22. Bb1 Rad8 23. Ke3 Nc5 24. Ne4 Nxe4 25. Bxe4 Kf6 26. h4 a5 27. Bc2 b5 28. cxb5 cxb5 29. Be4 a4 30. Rxd8 Rxd8 31. bxa4 bxa4 32. a3 Rc8 33. Kd4 h5 34. Bd3 Rb8 35. Re3 Rb2 36. Be2 Rb1 37. Bc4 Bxc4 38. Kxc4 Rb2 39. g3 Rg2 40. f4 Rb2 41. Kc3 Rb1 42. Kc4 Kf5 43. Re5+ Kg4 44. Rg5+ Kh3 45. f5 Rb3 46. fxg6 fxg6 47. Rxg6 Rxg3 48. Rh6 Kxh4 49. Kb4 Rg4+ 50. Kb5 Rf4 51. Rg6 Kh3 52. Rg5 h4 53. Rg8 Rg4 54. Rc8 Kg2 55. Rc2+ Kf3 56. Rc3+ Ke2 57. Rc2+ Kd3 58. Rh2 Rf4 59. Rh3+ Ke2 60. Rc3 Kf2 61. Rc8 Kg3 62. Rg8+ Rg4 63. Rc8 h3 64. Rc3+ Kh4 65. Rc2 Kh5 66. Rc8 Kh4 67. Rc2 Rf4 68. Rd2 Kg3 69. Rc2 h2 70. Rc1 Rh4 71. Ka5 Kf3 72. Kb5 h1=Q 73. Rxh1 Rxh1 74. Kxa4 Ke4 75. Kb5 Kd5 76. a4 Rb1+ 77. Ka6 Kc6 78. a5 Rb5 79. Ka7 Rxa5+ 80. Kb8 Ra6 0-1

[Event "GBR-ch 111th"]
[Site "Liverpool"]
[Date "2025.08.06"]
[Round "5.6"]
[White "Claridge-Hansen, William"]
[Black "Willow, Jonah B"]
[Result "1/2-1/2"]
[WhiteElo "2364"]
[BlackElo "2459"]
[PlyCount "109"]
[EventDate "2025.08.02"]
[EventType "swiss"]
[EventRounds "9"]
[EventCountry "GBR"]
[SourceTitle "BritBase"]
[Source "John Saunders"]
[SourceDate "2025.08.11"]
[SourceVersion "1"]
[SourceVersionDate "2025.08.11"]
[SourceQuality "1"]

1. Nf3 d6 2. c4 e5 3. Nc3 f5 4. g3 Be7 5. Bg2 Nf6 6. d4 e4 7. Ng1 c6 8. Bg5 d5 9. cxd5 cxd5 10. Nh3 Nc6 11. Nf4 Ng4 12. Bxe7 Nxe7 13. e3 O-O 14. Qb3 Nf6 15. h4 g6 16. Bf1 h6 17. Be2 Qa5 18. Qb5 Qxb5 19. Bxb5 Rd8 20. Be2 Bd7 21. Rc1 Kf7 22. Kd2 Rac8 23. b4 g5 24. hxg5 hxg5 25. Ng2 Rh8 26. a3 Kg7 27. Rcg1 Rcf8 28. Ne1 Nc8 29. f4 exf3 30. Nxf3 g4 31. Ne5 Be6 32. Bd3 Nd6 33. Ke2 Rc8 34. Kd2 Ra8 35. Ke2 Nh5 36. Kf2 Rac8 37. Rc1 Nf6 38. Rxh8 Kxh8 39. Ne2 Rxc1 40. Nxc1 Nc4 41. Ng6+ Kg7 42. Nf4 Kf7 43. a4 a5 44. bxa5 Nxa5 45. Nce2 Nc6 46. Nxe6 Kxe6 47. Nf4+ Kd6 48. Bxf5 Ne7 49. Bc2 Nc8 50. Ng6 Ke6 51. Nf4+ Kd6 52. Nd3 b6 53. Ne5 Ke6 54. Nc6 Nd6 55. Ne5 1/2-1/2

[Event "GBR-ch 111th"]
[Site "Liverpool"]
[Date "2025.08.06"]
[Round "5.7"]
[White "Flear, Glenn C"]
[Black "Roberson, Peter T"]
[Result "1/2-1/2"]
[WhiteElo "2358"]
[BlackElo "2440"]
[PlyCount "84"]
[EventDate "2025.08.02"]
[EventType "swiss"]
[EventRounds "9"]
[EventCountry "GBR"]
[SourceTitle "BritBase"]
[Source "John Saunders"]
[SourceDate "2025.08.11"]
[SourceVersion "1"]
[SourceVersionDate "2025.08.11"]
[SourceQuality "1"]

1. d4 Nf6 2. c4 e6 3. Nf3 d5 4. Nc3 dxc4 5. e3 a6 6. a4 c5 7. Bxc4 Nc6 8. O-O Be7 9. Qe2 O-O 10. Rd1 Qc7 11. h3 Rd8 12. d5 exd5 13. Nxd5 Nxd5 14. Bxd5 Nb4 15. Bc4 Rxd1+ 16. Qxd1 Bf5 17. Bd2 Bf6 18. Bc3 Bxc3 19. bxc3 Rd8 20. Qb3 Nc6 21. Rd1 Rxd1+ 22. Qxd1 Qd7 23. Bd5 c4 24. Qd2 Kf8 25. Bxc6 Qxc6 26. Ne5 Qc7 27. Nxc4 Be6 28. Ne5 a5 29. Qd4 f6 30. Nd3 b6 31. Nf4 Bb3 32. Qe4 Qd7 33. Qxh7 Bxa4 34. Qh8+ Kf7 35. Nh5 Qd1+ 36. Kh2 Qd6+ 37. f4 Qf8 38. Qh7 Bc6 39. Qb1 Qd8 40. Qh7 Qf8 41. Qb1 Qc5 42. Qh7 Qf8 1/2-1/2

[Event "GBR-ch 111th"]
[Site "Liverpool"]
[Date "2025.08.06"]
[Round "5.8"]
[White "Harvey, Marcus R"]
[Black "Makkar, Rajat"]
[Result "1-0"]
[WhiteElo "2439"]
[BlackElo "2406"]
[PlyCount "75"]
[EventDate "2025.08.02"]
[EventType "swiss"]
[EventRounds "9"]
[EventCountry "GBR"]
[SourceTitle "BritBase"]
[Source "John Saunders"]
[SourceDate "2025.08.11"]
[SourceVersion "1"]
[SourceVersionDate "2025.08.11"]
[SourceQuality "1"]

1. g3 c5 2. Bg2 Nf6 3. e4 Nc6 4. Ne2 d5 5. exd5 Nxd5 6. O-O e5 7. c3 Nc7 8. Na3 Qd3 9. Nc2 Be7 10. Ne1 Qd6 11. d4 cxd4 12. cxd4 Bg4 13. Nc2 exd4 14. Ncxd4 O-O-O 15. Qb3 Na5 16. Qc3 Qb4 17. h3 Qxc3 18. Nxc3 Bd7 19. b3 Rhe8 20. Be3 Ba3 21. Rab1 Bd6 22. Rbc1 Kb8 23. Ne4 Be5 24. Ng5 Bxd4 25. Bxd4 Bb5 26. Rfd1 f6 27. Ne4 Nc6 28. Bb2 Nb4 29. Nd6 Re2 30. Rxc7 Bc6 31. Rxg7 Rxb2 32. Bxc6 Nxc6 33. Rxb7+ Ka8 34. Rc7 Rc2 35. a4 Kb8 36. Rb7+ Ka8 37. Rxh7 Na5 38. Rxa7+ 1-0

[Event "GBR-ch 111th"]
[Site "Liverpool"]
[Date "2025.08.06"]
[Round "5.9"]
[White "Fava, Lorenzo"]
[Black "Mahadevan, Siva"]
[Result "0-1"]
[WhiteElo "2318"]
[BlackElo "2416"]
[PlyCount "100"]
[EventDate "2025.08.02"]
[EventType "swiss"]
[EventRounds "9"]
[EventCountry "GBR"]
[SourceTitle "BritBase"]
[Source "John Saunders"]
[SourceDate "2025.08.11"]
[SourceVersion "1"]
[SourceVersionDate "2025.08.11"]
[SourceQuality "1"]

1. e4 e5 2. Nf3 Nc6 3. Nc3 Nf6 4. a4 g6 5. d4 exd4 6. Nxd4 Bg7 7. Nxc6 bxc6 8. Bd3 d6 9. O-O Rb8 10. f4 Ng4 11. Ne2 O-O 12. h3 Nf6 13. Ng3 Nd7 14. c3 Nc5 15. Bc2 Be6 16. Ra3 a5 17. Qf3 Qh4 18. Ne2 f5 19. exf5 gxf5 20. Qxc6 Bc4 21. Qf3 Rbe8 22. Rf2 Qe7 23. b4 axb4 24. cxb4 Bxe2 25. Qd5+ Qe6 26. Qxe6+ Nxe6 27. Rxe2 Nd4 28. Rxe8 Rxe8 29. Bd3 Re1+ 30. Kh2 Rxc1 31. a5 Bh6 32. a6 Bxf4+ 33. g3 Be3 34. h4 Nc6 35. Bxf5 Ba7 36. b5 Nd4 37. Be4 Nxb5 38. Bd5+ Kg7 39. Rf3 Rc5 40. Rf7+ Kg6 41. h5+ Kxh5 42. Be4 Kg5 43. Bxh7 d5 44. Bd3 Nd6 45. Rf8 Rc3 46. Bf1 Ra3 47. Ra8 Bb6 48. Rg8+ Kf6 49. Kh3 d4 50. Rf8+ Kg7 0-1

[Event "GBR-ch 111th"]
[Site "Liverpool"]
[Date "2025.08.06"]
[Round "5.10"]
[White "Pert, Richard G"]
[Black "Kanyamarala, Tarun"]
[Result "1/2-1/2"]
[WhiteElo "2409"]
[BlackElo "2397"]
[PlyCount "162"]
[EventDate "2025.08.02"]
[EventType "swiss"]
[EventRounds "9"]
[EventCountry "GBR"]
[SourceTitle "BritBase"]
[Source "John Saunders"]
[SourceDate "2025.08.11"]
[SourceVersion "1"]
[SourceVersionDate "2025.08.11"]
[SourceQuality "1"]

1. d4 Nf6 2. Bg5 d5 3. Nd2 Nbd7 4. Ngf3 h6 5. Bf4 Nh5 6. Be5 Nxe5 7. Nxe5 Nf6 8. e3 Bf5 9. g4 Bh7 10. h4 e6 11. Bd3 Bd6 12. Bxh7 Rxh7 13. f4 Bxe5 14. fxe5 Nd7 15. Qe2 Qe7 16. O-O-O f6 17. exf6 gxf6 18. e4 dxe4 19. Nxe4 O-O-O 20. Rhe1 f5 21. Nc3 Qxh4 22. d5 e5 23. gxf5 Qf4+ 24. Kb1 Qxf5 25. Nb5 Kb8 26. Qe3 Nb6 27. Qc5 Rhd7 28. a4 a6 29. a5 Nc8 30. Nc3 Nd6 31. Qe3 Nf7 32. Rf1 Qg5 33. Qh3 Nd6 34. Rg1 Qf4 35. Rg4 Qf8 36. Na4 Nb5 37. Qg3 h5 38. Rg5 Qb4 39. b3 Na3+ 40. Kc1 Nc4 41. bxc4 Qxa4 42. Qc3 Rf7 43. Rxe5 Rf4 44. Rd4 Rxd4 45. Qxd4 Qa3+ 46. Kd1 Rf8 47. Qe3 Qxe3 48. Rxe3 Rf4 49. Ke2 Rxc4 50. Kd3 Rc5 51. c4 Rxa5 52. Re8+ Ka7 53. Kd4 Ra4 54. Re7 Kb8 55. Re8+ Ka7 56. Re7 Kb6 57. Re6+ c6 58. d6 Ra1 59. c5+ Kb5 60. Re3 Rd1+ 61. Rd3 Rf1 62. Rb3+ Ka4 63. Rxb7 Rd1+ 64. Kc4 Rc1+ 65. Kd4 Rd1+ 66. Ke5 Rd5+ 67. Ke6 Rxc5 68. d7 Rd5 69. Rb6 a5 70. Rxc6 Rxd7 71. Kxd7 Kb3 72. Rb6+ Kc4 73. Ra6 Kb5 74. Rh6 a4 75. Rxh5+ Kb4 76. Kc6 a3 77. Rh1 a2 78. Kd5 Kc3 79. Kc5 Kb2 80. Rh2+ Kb1 81. Rxa2 Kxa2 1/2-1/2

[Event "GBR-ch 111th"]
[Site "Liverpool"]
[Date "2025.08.06"]
[Round "5.11"]
[White "Shearsby, Jude"]
[Black "Bazakutsa, Svyatoslav"]
[Result "0-1"]
[WhiteElo "2270"]
[BlackElo "2481"]
[PlyCount "106"]
[EventDate "2025.08.02"]
[EventType "swiss"]
[EventRounds "9"]
[EventCountry "GBR"]
[SourceTitle "BritBase"]
[Source "John Saunders"]
[SourceDate "2025.08.11"]
[SourceVersion "1"]
[SourceVersionDate "2025.08.11"]
[SourceQuality "1"]

1. d4 Nf6 2. c4 g6 3. Nc3 Bg7 4. e4 d6 5. Be2 O-O 6. Bg5 c5 7. d5 e6 8. Qc1 exd5 9. cxd5 Re8 10. Nf3 h6 11. Bxh6 Nxe4 12. Bxg7 Kxg7 13. O-O Nxc3 14. Qxc3+ Qf6 15. Bb5 Qxc3 16. bxc3 Bd7 17. Bd3 Ba4 18. Nd2 Nd7 19. Rfe1 b5 20. c4 bxc4 21. Rxe8 Rxe8 22. Nxc4 Ne5 23. Nb2 Nxd3 24. Nxa4 Nf4 25. g3 Ne2+ 26. Kf1 Re4 27. Nb2 Nc3 28. Rc1 Nxa2 29. Ra1 Nb4 30. Rxa7 Rd4 31. Ke2 Nxd5 32. Ra8 Kf6 33. h4 Ke6 34. Re8+ Kd7 35. Rf8 Ke7 36. Rc8 Rb4 37. Nd3 Ra4 38. Kf3 Ra3 39. Ke4 Nf6+ 40. Ke3 Kd7 41. Rf8 c4 42. Rxf7+ Ke6 43. Rg7 Rxd3+ 44. Ke2 Kf5 45. f3 Nh5 46. g4+ Kf6 47. Rc7 Nf4+ 48. Kf2 c3 49. Rc4 g5 50. Kg3 Ne2+ 51. Kf2 Nd4 52. hxg5+ Kxg5 53. Rxd4 Rxd4 0-1

[Event "GBR-ch 111th"]
[Site "Liverpool"]
[Date "2025.08.06"]
[Round "5.12"]
[White "Hunt, Harriet V"]
[Black "Conquest, Stuart C"]
[Result "0-1"]
[WhiteElo "2294"]
[BlackElo "2511"]
[PlyCount "92"]
[EventDate "2025.08.02"]
[EventType "swiss"]
[EventRounds "9"]
[EventCountry "GBR"]
[SourceTitle "BritBase"]
[Source "John Saunders"]
[SourceDate "2025.08.11"]
[SourceVersion "1"]
[SourceVersionDate "2025.08.11"]
[SourceQuality "1"]

1. e4 Nc6 2. Nf3 e5 3. Bb5 a6 4. Ba4 Nge7 5. c3 d6 6. h3 Bd7 7. d4 Ng6 8. O-O Be7 9. Be3 O-O 10. Re1 Kh8 11. Nbd2 exd4 12. cxd4 f5 13. exf5 Bxf5 14. Bxc6 bxc6 15. Rc1 Bd7 16. Qe2 Rb8 17. a4 Qc8 18. Ne4 h6 19. Rc3 Qb7 20. b3 Rbe8 21. Qd2 Kh7 22. Qd1 Qc8 23. d5 c5 24. Nfd2 Bh4 25. Ng3 Qd8 26. Nde4 Re5 27. Rc4 Qe8 28. Qd3 Kh8 29. Qd2 Qf7 30. Rd1 Kg8 31. Qc2 Rxd5 32. Rxd5 Qxd5 33. Nxc5 Bc6 34. Nce4 Ba8 35. f3 c5 36. Nc3 Qe6 37. Bf2 Nf4 38. Kh2 Be7 39. Nce2 Nxg2 40. Kxg2 Bxf3+ 41. Kf1 Qxh3+ 42. Ke1 Bg5 43. Rc3 Qg2 44. Rd3 Kh8 45. Qb2 Re8 46. Rxd6 Bxe2 0-1

[Event "GBR-ch 111th"]
[Site "Liverpool"]
[Date "2025.08.06"]
[Round "5.13"]
[White "Gordon, Stephen J"]
[Black "Boswell, Jacob Connor"]
[Result "1-0"]
[WhiteElo "2469"]
[BlackElo "2278"]
[PlyCount "45"]
[EventDate "2025.08.02"]
[EventType "swiss"]
[EventRounds "9"]
[EventCountry "GBR"]
[SourceTitle "BritBase"]
[Source "John Saunders"]
[SourceDate "2025.08.11"]
[SourceVersion "1"]
[SourceVersionDate "2025.08.11"]
[SourceQuality "1"]

1. c4 Nf6 2. Nc3 g6 3. e4 d6 4. d4 Bg7 5. h3 O-O 6. Be3 e5 7. d5 Na6 8. g4 Nc5 9. f3 a5 10. Qd2 c6 11. O-O-O cxd5 12. Nxd5 Nxd5 13. Qxd5 Be6 14. Qxd6 Nd7 15. Rh2 Rc8 16. Rc2 Rc6 17. Qd2 Qc7 18. Ne2 Nb6 19. Nc3 Nxc4 20. Bxc4 Bxc4 21. Nd5 Qd6 22. Qxa5 Rfc8 23. Nb4 1-0

[Event "GBR-ch 111th"]
[Site "Liverpool"]
[Date "2025.08.06"]
[Round "5.14"]
[White "Williams, Simon K"]
[Black "Davies, Nigel R"]
[Result "1-0"]
[WhiteElo "2444"]
[BlackElo "2291"]
[PlyCount "128"]
[EventDate "2025.08.02"]
[EventType "swiss"]
[EventRounds "9"]
[EventCountry "GBR"]
[SourceTitle "BritBase"]
[Source "John Saunders"]
[SourceDate "2025.08.11"]
[SourceVersion "1"]
[SourceVersionDate "2025.08.11"]
[SourceQuality "1"]

1. d4 d5 2. c4 c6 3. Nf3 Nf6 4. Nc3 a6 5. Qc2 g6 6. e3 Bg7 7. Bd2 O-O 8. Rc1 e6 9. Be2 b5 10. cxd5 cxd5 11. Nb1 Re8 12. O-O Bf8 13. Qc7 Qxc7 14. Rxc7 Bd6 15. Rc2 Bb7 16. Rfc1 Nbd7 17. Ba5 Rec8 18. Nbd2 Rxc2 19. Rxc2 Rc8 20. Rxc8+ Bxc8 21. Nb3 Nb8 22. Ne5 Nfd7 23. Nxd7 Nxd7 24. a3 Kf8 25. h4 h5 26. Kf1 Ke7 27. Ke1 e5 28. Bb4 Bxb4+ 29. axb4 Kd6 30. dxe5+ Nxe5 31. Kd2 Nc6 32. Kc3 Ke5 33. Bd3 Kd6 34. Na5 Nd8 35. Be2 Ne6 36. Bf3 Ng7 37. g3 Ne6 38. Nb3 Nd8 39. Nd4 Ne6 40. Kd3 Nd8 41. Bd1 Bd7 42. Kc3 Bc8 43. Bc2 Bg4 44. Bd3 Ke5 45. Nb3 Nc6 46. Nd4 Nxd4 47. f4+ Kd6 48. Kxd4 Bf5 49. Be2 Be6 50. e4 dxe4 51. Kxe4 Bd5+ 52. Kd4 Bb3 53. Bd3 Be6 54. Be4 Bc8 55. Bc2 Be6 56. Bb1 Bf5 57. Ba2 f6 58. Bf7 Bb1 59. Bg8 Bc2 60. Bd5 Bf5 61. Bf3 Bd7 62. Bb7 Kc7 63. Be4 f5 64. Bd5 Kd6 1-0

[Event "GBR-ch 111th"]
[Site "Liverpool"]
[Date "2025.08.06"]
[Round "5.15"]
[White "Mirzoeva, Elmira"]
[Black "Golding, Alex"]
[Result "1-0"]
[WhiteElo "2282"]
[BlackElo "2377"]
[PlyCount "89"]
[EventDate "2025.08.02"]
[EventType "swiss"]
[EventRounds "9"]
[EventCountry "GBR"]
[SourceTitle "BritBase"]
[Source "John Saunders"]
[SourceDate "2025.08.11"]
[SourceVersion "1"]
[SourceVersionDate "2025.08.11"]
[SourceQuality "1"]

1. Nf3 Nf6 2. c4 e6 3. Nc3 Bb4 4. Qc2 O-O 5. a3 Bxc3 6. Qxc3 d6 7. e3 b6 8. Be2 Bb7 9. b4 Ne4 10. Qc2 Ng5 11. Bb2 Nxf3+ 12. Bxf3 Bxf3 13. gxf3 f6 14. Qe4 Nd7 15. Qxe6+ Kh8 16. f4 a5 17. O-O Re8 18. Qd5 Nf8 19. Kh1 Qd7 20. Rg1 c6 21. Qf3 axb4 22. axb4 Rxa1 23. Rxa1 Ng6 24. Bc3 Ne7 25. Qh5 Rf8 26. Rg1 d5 27. c5 bxc5 28. bxc5 g6 29. Qg4 Nf5 30. h4 Kg7 31. h5 Kf7 32. hxg6+ hxg6 33. Qxg6+ Ke7 34. Qh7+ Rf7 35. Qh3 d4 36. Bxd4 Qd5+ 37. f3 Nxd4 38. exd4 Qxd4 39. Re1+ Kd8 40. Qh8+ Kc7 41. Rb1 Qxc5 42. Qb8+ Kd7 43. Qb7+ Ke8 44. Qc8+ Ke7 45. Re1+ 1-0

[Event "GBR-ch 111th"]
[Site "Liverpool"]
[Date "2025.08.06"]
[Round "5.16"]
[White "Eggleston, David J"]
[Black "Dickenson, Neil F"]
[Result "1-0"]
[WhiteElo "2348"]
[BlackElo "2247"]
[PlyCount "129"]
[EventDate "2025.08.02"]
[EventType "swiss"]
[EventRounds "9"]
[EventCountry "GBR"]
[SourceTitle "BritBase"]
[Source "John Saunders"]
[SourceDate "2025.08.11"]
[SourceVersion "1"]
[SourceVersionDate "2025.08.11"]
[SourceQuality "1"]

1. e4 e6 2. d4 d5 3. Nc3 Nf6 4. e5 Nfd7 5. f4 c5 6. Nf3 Nc6 7. Be3 Be7 8. Qd2 O-O 9. dxc5 Nxc5 10. Nd4 a6 11. Qf2 Qa5 12. O-O-O Bd7 13. Kb1 Rfc8 14. a3 Nxd4 15. Bxd4 b5 16. Qd2 Qc7 17. f5 b4 18. axb4 Na4 19. Nxa4 Bxa4 20. Bd3 exf5 21. Bxf5 Bd7 22. Bxd7 Qxd7 23. Bc3 Rd8 24. Rhf1 Rab8 25. Rf3 Qe6 26. Rd3 Rb5 27. Qf4 Rdb8 28. Rd4 h6 29. Qd2 Rd8 30. h3 Bg5 31. Qe1 Rdb8 32. g4 Rc8 33. Qh1 Rd8 34. h4 Be7 35. Qh2 Rdb8 36. Qd2 Bxh4 37. Rxd5 Qxg4 38. Rd7 R5b6 39. Rf1 Rf8 40. Rd4 Qh3 41. Qe2 Be7 42. Rg4 Bg5 43. Rfg1 Rg6 44. Bd4 Rd8 45. Qe4 Qh2 46. c3 Re8 47. Rf1 Rge6 48. Rg2 Qh5 49. Ka2 Bf6 50. Rf5 Qd1 51. Rg1 Qa4+ 52. Kb1 Bg5 53. Rgf1 R8e7 54. Qa8+ Qe8 55. Qxe8+ Rxe8 56. Rxf7 h5 57. R7f5 Bd8 58. Rxh5 Bc7 59. Rg1 g6 60. Rhg5 Kf7 61. Rf1+ Kg7 62. Rf6 Rxf6 63. exf6+ Kf7 64. Rd5 Ke6 65. Rc5 1-0

[Event "GBR-ch 111th"]
[Site "Liverpool"]
[Date "2025.08.06"]
[Round "5.17"]
[White "Hebden, Mark L"]
[Black "Banerjee, Supratit"]
[Result "0-1"]
[WhiteElo "2347"]
[BlackElo "2242"]
[PlyCount "186"]
[EventDate "2025.08.02"]
[EventType "swiss"]
[EventRounds "9"]
[EventCountry "GBR"]
[SourceTitle "BritBase"]
[Source "John Saunders"]
[SourceDate "2025.08.11"]
[SourceVersion "1"]
[SourceVersionDate "2025.08.11"]
[SourceQuality "1"]

1. d4 Nf6 2. Bg5 d5 3. Nd2 g6 4. Bxf6 exf6 5. e3 Bd6 6. Ne2 O-O 7. c4 c6 8. cxd5 cxd5 9. Nc3 Be6 10. g3 Nc6 11. Bg2 Re8 12. O-O Ne7 13. Qb3 Qa5 14. Rfc1 Rec8 15. Qb5 Bb4 16. Nb3 Qxb5 17. Nxb5 a6 18. Nc3 b6 19. Na4 Rab8 20. a3 Bd6 21. Rxc8+ Bxc8 22. Rc1 f5 23. Nd2 Bd7 24. Nc3 Be6 25. Bf1 Bc8 26. Nf3 f6 27. Ne1 Bb7 28. Nd3 Kf7 29. Be2 Ke6 30. Kf1 Rc8 31. Ke1 Rb8 32. Kd2 Rc8 33. h4 h5 34. Nf4+ Bxf4 35. gxf4 Kd6 36. b4 Ke6 37. Rb1 Rc7 38. Rg1 Kf7 39. Bf3 Rc4 40. Kd3 Rc7 41. Bd1 Bc6 42. Kd2 Ke6 43. f3 Rc8 44. Be2 Ra8 45. a4 Be8 46. Rb1 Bc6 47. Rc1 Bb7 48. Rg1 Rg8 49. Bd1 Rd8 50. Bb3 Kd6 51. Na2 Bc6 52. Nc1 Rb8 53. Nd3 Bd7 54. Nf2 Bc6 55. Bc2 Rc8 56. Ra1 Bb7 57. Bb3 Nc6 58. Nd3 a5 59. b5 Ne7 60. Rg1 Rd8 61. Nf2 Rc8 62. Kd3 Re8 63. Rg3 Rc8 64. Rg1 Re8 65. Kd2 Rc8 66. Bc2 Rc4 67. Ra1 Rc8 68. Bd3 Rc7 69. Rg1 Rc8 70. Re1 Rc7 71. Nd1 Rc8 72. Nc3 Ba8 73. e4 dxe4 74. fxe4 fxe4 75. Bxe4 Bd5 76. Nxd5 Nxd5 77. Bxd5 Kxd5 78. Rg1 Rc4 79. Rxg6 Rxd4+ 80. Ke3 Rxa4 81. Rxf6 Ra3+ 82. Kd2 Kc5 83. Rf5+ Kb4 84. Re5 Rh3 85. f5 Rxh4 86. Ke3 Rh1 87. Ke2 Rc1 88. f6 Rc8 89. Rxh5 a4 90. Kd2 a3 91. f7 a2 92. Rh1 Kb3 93. Rf1 Kb2 0-1

[Event "GBR-ch 111th"]
[Site "Liverpool"]
[Date "2025.08.06"]
[Round "5.18"]
[White "Pert, Max P"]
[Black "Wells, Peter K"]
[Result "0-1"]
[WhiteElo "2263"]
[BlackElo "2339"]
[PlyCount "38"]
[EventDate "2025.08.02"]
[EventType "swiss"]
[EventRounds "9"]
[EventCountry "GBR"]
[SourceTitle "BritBase"]
[Source "John Saunders"]
[SourceDate "2025.08.11"]
[SourceVersion "1"]
[SourceVersionDate "2025.08.11"]
[SourceQuality "1"]

1. d4 Nf6 2. Bf4 c5 3. e3 g6 4. Nf3 Bg7 5. Nbd2 O-O 6. h3 b6 7. c3 Bb7 8. Bd3 d6 9. Qe2 cxd4 10. cxd4 Nd5 11. O-O Nxf4 12. exf4 Nc6 13. f5 Nxd4 14. Nxd4 Bxd4 15. h4 e6 16. fxg6 Qxh4 17. gxh7+ Kh8 18. Ne4 f5 19. Nxd6 Bxg2 0-1

[Event "GBR-ch 111th"]
[Site "Liverpool"]
[Date "2025.08.06"]
[Round "5.19"]
[White "Badacsonyi, Frankie"]
[Black "Badacsonyi, Stanley"]
[Result "1/2-1/2"]
[WhiteElo "2193"]
[BlackElo "2309"]
[PlyCount "27"]
[EventDate "2025.08.02"]
[EventType "swiss"]
[EventRounds "9"]
[EventCountry "GBR"]
[SourceTitle "BritBase"]
[Source "John Saunders"]
[SourceDate "2025.08.11"]
[SourceVersion "1"]
[SourceVersionDate "2025.08.11"]
[SourceQuality "1"]

1. c4 e5 2. d3 Nf6 3. Nf3 Nc6 4. a3 d5 5. cxd5 Nxd5 6. e4 Nf6 7. Be2 h6 8. O-O Bd6 9. b4 a6 10. h3 O-O 11. Be3 Re8 12. Nbd2 Be6 13. Qc2 Nd7 14. Rac1 1/2-1/2